000 00777nas a2200277 4500
001 BR2015000046
003 BR-BrBNA
005 20231205124855.0
007 ta
008 230509b bl.|||p| |||| 00| 00por d
040 _aBR-BrBNA
_bpor
_cBiblioteca Nacional de Agricultura
041 _a(En)
072 _aF30
100 1 _aVendrame, W.
100 1 _aFaria, R.T. de
100 1 _aSorace, M.
100 1 _aSahyun, S.A.
245 1 _aOrchid cryopreservation
650 _aORQUÍDEA
650 _aPLANTA ORNAMENTAL
650 _aCRIOPRESERVAÇÃO
650 _aGERMOPLASMA
773 0 _tCiência e Agrotecnologia (Brazil)
_xISSN 1413-7054
_g(May-Jun 2014), v. 38(3) p. 213-229
_wBR2015000046
909 _a202311
_bLúcia
_c55
_dLúcia Elande
942 _2AGRIS
_n0
_cANA
999 _c241361
_d241361